Statistics for All 2. Bundesliga clubs ever (Men)

Click here to take the quiz!

General Stats

  • This quiz has been taken 869 times
    (284 since last reset)
  • The average score is 66 of 128

Answer Stats

#Club% Correct
61Hamburger SV
94%
331. FC Kaiserslautern
92%
47FC Schalke 04
90%
89Borussia Dortmund
88%
311. FC Union Berlin
86%
48Dynamo Dresden
86%
2FC St. Pauli
86%
20Hertha BSC
86%
15TSV 1860 München
86%
101. FC Nürnberg
85%
12Arminia Bielefeld
83%
94RB Leipzig
83%
80Werder Bremen
82%
1SpVgg Greuther Fürth
81%
44Holstein Kiel
80%
34SC Paderborn 07
80%
4
Alemannia Aachen
79%
65Bayer 04 Leverkusen
79%
35FC Augsburg
79%
431. FC Heidenheim
78%
74Borussia Mönchengladbach
78%
19Eintracht Braunschweig
78%
41FC Hansa Rostock
78%
3Hannover 96
78%
57VfL Wolfsburg
78%
181. FSV Mainz 05
77%
7Karlsruher SC
77%
22VfL Bochum
77%
171. FC Saarbrücken
76%
21Fortuna Düsseldorf
76%
6SV Darmstadt 98
76%
53Eintracht Frankfurt
75%
66FC Bayern Hof
74%
108TSG 1899 Hoffenheim
74%
1071. FC Magdeburg
73%
52SSV Ulm 1846
73%
62VfB Leipzig
73%
11VfL Osnabrück
73%
63VfB Stuttgart
71%
39Energie Cottbus
69%
8Stuttgarter Kickers
69%
361. FC Köln
68%
29FSV Frankfurt
68%
13MSV Duisburg
68%
38SC Preußen Münster
67%
96SV Wehen Wiesbaden
67%
26Rot-Weiss Essen
66%
51Jahn Regensburg
65%
32KFC Uerdingen 05
65%
9SC Freiburg
65%
40SpVgg Unterhaching
65%
55FC Carl Zeiss Jena
64%
109FC Rot-Weiß Erfurt
64%
5Fortuna Köln
63%
14SV Waldhof Mannheim
62%
23FC 08 Homburg
61%
25Offenbacher Kickers
61%
118SV Elversberg
61%
28FC Erzgebirge Aue
59%
46SV Sandhausen
59%
85TuS Koblenz
59%
79VfB Lübeck
59%
56Wuppertaler SV
59%
24Rot-Weiß Oberhausen
58%
59Chemnitzer FC
57%
58Rot Weiss Ahlen
57%
45Tennis Borussia Berlin
57%
93VfR Aalen
57%
115Hallescher FC
56%
16SG Wattenscheid 09
55%
54FC Ingolstadt 04
53%
83FSV Zwickau
53%
42KSV Hessen Kassel
53%
50SV Eintracht Trier
53%
110Bonner SC
52%
69VfB Oldenburg
52%
81Viktoria Köln
52%
49Blau-Weiß 90 Berlin
47%
37SV Meppen
46%
97Borussia Neunkirchen
45%
30SpVgg Bayreuth
43%
105FC Würzburger Kickers
42%
68Wacker Burghausen
39%
721. SC Göttingen 05
37%
70Schwarz-Weiß Essen
37%
27SG Union Solingen
37%
118Sportfreunde Siegen
34%
126SV Babelsberg 03
34%
67Westfalia Herne
34%
60Wormatia Worms
34%
881. FC Schweinfurt
33%
86SSV Reutlingen 05
30%
92Viktoria Aschaffenburg
30%
71FC Remscheid
28%
116VfR Mannheim
28%
104OSC Bremerhaven
27%
111FC Hanau 93
26%
64Freiburger FC
26%
78SV Arminia Hannover
26%
123TSV Havelse
26%
114TSR Olympia WIlhelmshaven
25%
117BSV Stahl Brandenburg
23%
90FC Gütersloh
23%
112VfR Heilbronn
22%
87FK Pirmasens
21%
121TuS Schloß Neuhaus
19%
991. FC Bocholt
17%
1021. FC Mülheim
17%
75VfR Bürstadt
17%
98DSC Wanne-Eickel
16%
124FSV Salmrohr
16%
101MTV Ingolstadt
16%
82Rot-Weiß Lüdenscheid
16%
127Spandauer SV
16%
95SpVgg Erkenschwick
16%
73SV Röchling Völklingen
16%
100ESV Ingolstadt
14%
113SC Charlottenburg
14%
122HSV Barmbek-Uhlenhorst
13%
125BSV 07 Schwenningen
12%
119Eintracht Bad Kreuznach
12%
77FV Würzburg 04
12%
91KSV Baunatal
12%
76SC Herford
12%
120VfB Eppingen
11%
103DJK Gütersloh
10%
106OSV Hannover
10%
84Wacker 04 Berlin
10%

Score Distribution

Percentile by Number Answered

Percent of People with Each Score

Your Score History

You have not taken this quiz since the last reset